| 000 | 00421nam a2200169Ia 4500 | ||
|---|---|---|---|
| 005 | 20250603145026.0 | ||
| 008 | 250603s9999 xx 000 0 und d | ||
| 020 | _a9780135334980 | ||
| 050 | _aQD 31.2 .P48/ | ||
| 100 | _aPetrucci, Ralph H. | ||
| 245 | 0 | _aGeneral chemistry : principles and modern applications | |
| 250 | _a7th ed. | ||
| 260 | _aNew Jersey | ||
| 260 | _c1997 | ||
| 650 | _aNew Jersey | ||
| 942 | _cBK | ||
| 999 |
_c40651 _d40651 |
||